[Event "Stay Safe Play From Home 175"]
[Site "T#646355Emanuel Laske"]
[Date "2020.05.26"]
[Round "5"]
[White "Castlingarrocco"]
[Black "Mepe_Nika"]
[Result "1-0"]
[WhiteElo "2042"]
[BlackElo "2282"]
[Annotator "RC"]
[PlyCount "129"]
[EventDate "2020.05.26"]
[EventType "swiss (blitz)"]

1. d4 {[%emt 0:00:01]} d5 {[%emt 0:00:01]} 2. e3 {[%emt 0:00:00]} Nf6 {[%emt 0:00:01]} 3. f4 {[%emt 0:00:00]} Bg4 {[%emt 0:00:02]} 4. Nf3 {[%emt 0:00:00]} c5 {[%emt 0:00:03]} 5. Be2 {[%emt 0:00:01]} Bxf3 {[%emt 0:00:01]} 6. Bxf3 {[%emt 0:00:01]} Nc6 {[%emt 0:00:01]} 7. c3 {[%emt 0:00:01]} g6 {[%emt 0:00:02]} 8. Qe2 {[%emt 0:00:01]} Bg7 {[%emt 0:00:00]} 9. Nd2 {[%emt 0:00:01]} O-O {[%emt 0:00:00]} 10. O-O {[%emt 0:00:00]} e6 {[%emt 0:00:01]} 11. g3 {[%emt 0:00:01]} Nd7 {[%emt 0:00:01]} 12. Bg2 {[%emt 0:00:01]} f6 {[%emt 0:00:01]} 13. Nf3 {[%emt 0:00:02]} Qc7 {[%emt 0:00:03]} 14. Bd2 {[%emt 0:00:01]} Rad8 {[%emt 0:00:03]} 15. Rae1 {[%emt 0:00:01]} Qd6 {[%emt 0:00:01]} 16. Qd1 {[%emt 0:00:02]} e5 {[%emt 0:00:01]} 17. dxe5 {[%emt 0:00:01]} fxe5 {[%emt 0:00:00]} 18. fxe5 {[%emt 0:00:00]} Ncxe5 {[%emt 0:00:00]} 19. e4 {[%emt 0:00:04]} d4 {[%emt 0:00:01]} 20. cxd4 {[%emt 0:00:02]} cxd4 {[%emt 0:00:00]} 21. Bf4 {[%emt 0:00:02]} Nxf3+ {[%emt 0:00:02]} 22. Bxf3 {[%emt 0:00:00]} Be5 {[%emt 0:00:01]} 23. Bxe5 {[%emt 0:00:01]} Nxe5 {[%emt 0:00:00]} 24. Qe2 {[%emt 0:00:04]} d3 {[%emt 0:00:02]} 25. Qg2 {[%emt 0:00:01]} d2 {[%emt 0:00:03]} 26. Rd1 {[%emt 0:00:01]} Qd4+ {[%emt 0:00:01]} 27. Kh1 {[%emt 0:00:03]} Kg7 {[%emt 0:00:03]} 28. h3 {[%emt 0:00:03]} Rfe8 {[%emt 0:00:03]} 29. Be2 {[%emt 0:00:02]} Nc6 {[%emt 0:00:03]} 30. Qf2 {[%emt 0:00:01]} Qxe4+ {[%emt 0:00:01]} 31. Bf3 {[%emt 0:00:01]} Qd4 {[%emt 0:00:01]} 32. Bxc6 {[%emt 0:00:01]} bxc6 {[%emt 0:00:02]} 33. Qf7+ {[%emt 0:00:02]} Kh8 {[%emt 0:00:00]} 34. Qf4 {[%emt 0:00:01]} Qd5+ {[%emt 0:00:01]} 35. Qf3 {[%emt 0:00:01]} Re2 {[%emt 0:00:01]} 36. Qxd5 {[%emt 0:00:02]} Rxd5 {[%emt 0:00:00]} 37. Kg1 {[%emt 0:00:02]} Rde5 {[%emt 0:00:01]} 38. Rf2 {[%emt 0:00:01]} Rxf2 {[%emt 0:00:02]} 39. Kxf2 {[%emt 0:00:01]} Rd5 {[%emt 0:00:00]} 40. Ke2 {[%emt 0:00:01]} Kg7 {[%emt 0:00:00]} 41. Rxd2 {[%emt 0:00:01]} Rb5 {[%emt 0:00:01]} 42. a4 {[%emt 0:00:01]} Re5+ {[%emt 0:00:01]} 43. Kd3 {[%emt 0:00:01]} Kf6 {[%emt 0:00:00]} 44. Rf2+ {[%emt 0:00:01]} Rf5 {[%emt 0:00:00]} 45. Rxf5+ {[%emt 0:00:01]} Kxf5 {[%emt 0:00:00]} 46. Kd4 {[%emt 0:00:00]} h5 {[%emt 0:00:00]} 47. Kc5 {[%emt 0:00:01]} g5 {[%emt 0:00:01]} 48. g4+ {[%emt 0:00:01]} Ke4 {[%emt 0:00:00]} 49. gxh5 {[%emt 0:00:01]} Kf5 {[%emt 0:00:01]} 50. h6 {[%emt 0:00:00]} g4 {[%emt 0:00:00]} 51. h7 {[%emt 0:00:00]} Kg6 {[%emt 0:00:00]} 52. h8=Q {[%emt 0:00:00]} g3 {[%emt 0:00:01]} 53. Qh4 {[%emt 0:00:00]} Kf5 {[%emt 0:00:00]} 54. Qxg3 {[%emt 0:00:00]} Ke4 {[%emt 0:00:00]} 55. Qg4+ {[%emt 0:00:00]} Kd3 {[%emt 0:00:00]} 56. h4 {[%emt 0:00:00]} Kc2 {[%emt 0:00:00]} 57. h5 {[%emt 0:00:00]} Kb3 {[%emt 0:00:00]} 58. Qg5 {[%emt 0:00:00]} a5 {[%emt 0:00:00]} 59. h6 {[%emt 0:00:00]} Ka2 {[%emt 0:00:00]} 60. Qg6 {[%emt 0:00:00]} Ka1 {[%emt 0:00:01]} 61. Qg7 {[%emt 0:00:00]} Ka2 {[%emt 0:00:00]} 62. h7 {[%emt 0:00:00]} Ka1 {[%emt 0:00:00]} 63. h8=Q {[%emt 0:00:00]} Ka2 {[%emt 0:00:00]} 64. Qg2 {[%emt 0:00:01]} Ka1 {[%emt 0:00:00]} 65. b4+ {[%emt 0:00:00] Time (Lag: Av=0.33s, max=0.9s)} 1-0

[Event "Stay Safe Play From Home 175"]
[Site "T#646355Emanuel Laske"]
[Date "2020.05.26"]
[Round "5"]
[White "Haxhi Baha"]
[Black "NeatFox"]
[Result "1-0"]
[WhiteElo "1920"]
[BlackElo "1760"]
[Annotator "TA"]
[PlyCount "79"]
[EventDate "2020.05.26"]
[EventType "swiss (blitz)"]

{[%evp 9,79,14,21,-24,52,52,72,44,49,16,20,22,40,-34,-16,-144,0,-14,6,6,6,6,4,-72,-72,-78,0,0,64,24,68,74,111,44,35,-155,47,52,75,15,76,20,52,-64,133,127,144,-1606,-1572,-1565,-1565,-5589,-5589,-2590,-1857,-1488,-857,-839,-837,-825,-837,-839,-58,-50,-45,-509,-484,-5493,-1925,-1816,-1704,-29985]} 1. e4 c6 2. Nf3 d5 3. Nc3 dxe4 4. Nxe4 Nf6 5. Nc3 e6 {[#]} 6. Bc4 $146 {B11: Caro-Kann: Two Knights Variation.} ({Predecessor:} 6. Be2 Be7 7. b3 O-O 8. O-O Nd5 9. Nxd5 cxd5 10. Bb2 Bf6 11. c3 Nc6 12. d4 {½-½ (25) Raprthi,I-Guzman Vera,A (1088) Guayaquil 2019}) 6... Bc5 (6... b5 $11 7. Be2 b4) 7. d4 Bb6 8. Be3 {White is better.} O-O 9. h3 Nbd7 10. Qe2 Qc7 11. O-O-O (11. O-O $14) 11... Ba5 $15 12. Rd3 (12. Bd2 $11) 12... Bxc3 (12... b5 $17 13. Bb3 b4) 13. Rxc3 $11 ({Reject} 13. bxc3 b5 $17) 13... Nd5 14. Bxd5 exd5 15. g4 Nf6 16. g5 (16. Nd2 $11 {keeps the balance.}) 16... Ne4 $17 17. Rd3 Qb6 (17... Re8 $17) 18. Ne5 $11 Be6 (18... Bf5 $11) 19. Rg1 g6 20. f3 Nd6 21. h4 ({White should play} 21. Rb3 $16 Qd8 22. Qh2) 21... Nc4 $14 22. b3 $2 (22. Rb3 $14 Qa6 23. Nxc4) 22... Nxe3 $2 (22... Nxe5 $17 23. dxe5 c5) 23. Qxe3 Bf5 {[#]} 24. Rd2 (24. Rc3 $1 $16) 24... Qa5 (24... a5 $11) 25. Kb1 (25. Kb2 $16) 25... Rae8 26. Qf4 (26. Rh2 $14) 26... f6 $2 (26... c5 $1 $15 {stays ahead.} 27. Ng4 Bxg4 28. fxg4 c4) 27. gxf6 $16 Rxf6 {Hoping for ...Bxc2+!} 28. Ng4 $2 {[%mdl 8192] [#]} (28. Qg5 $16 Qd8 29. h5) 28... Bxc2+ $1 $19 {[%mdl 576] Discovered Attack} 29. Rxc2 (29. Kxc2 Rxf4) 29... Rxf4 30. Nh6+ Kg7 31. Ng4 Rxf3 32. Ne5 Qb4 33. Nxf3 Re3 34. Rf1 Kh6 35. h5 Kxh5 $2 ({Better is} 35... g5 $19 36. Rg2 Qc3) 36. Rh2+ $15 Kg4 37. Ne5+ $2 {[%mdl 8192] [#]} ({Only move:} 37. Rg2+ $15 Kh3 38. Rgg1) 37... Rxe5 $1 $19 {Black is clearly winning.} 38. Rhf2 (38. dxe5 $142 Qe4+ {[%mdl 64] Double Attack} 39. Rc2) 38... Re4 39. Rg2+ {[#]} Kh3 $1 40. Rg5 {[%mdl 32768] Accuracy: White = 28%, Black = 53%. . Loss on time!?} 1-0

[Event "Stay Safe Play From Home 175"]
[Site "T#646355Emanuel Laske"]
[Date "2020.05.26"]
[Round "5"]
[White "The Next Contender"]
[Black "Fischer_11"]
[Result "1/2-1/2"]
[WhiteElo "1897"]
[BlackElo "1901"]
[Annotator "NA"]
[PlyCount "88"]
[EventDate "2020.05.26"]
[EventType "swiss (blitz)"]

1. d4 {[%emt 0:00:01]} e5 {[%emt 0:00:01]} 2. c4 {[%emt 0:00:00]} exd4 {[%emt 0:00:01]} 3. Qxd4 {[%emt 0:00:01]} Nc6 {[%emt 0:00:01]} 4. Qd1 {[%emt 0:00:02]} Qh4 {[%emt 0:00:00]} 5. g3 {[%emt 0:00:01]} Qxc4 {[%emt 0:00:01]} 6. Bg2 {[%emt 0:00:01]} Nf6 {[%emt 0:00:00]} 7. Nc3 {[%emt 0:00:01]} Bb4 {[%emt 0:00:01]} 8. Bd2 {[%emt 0:00:01]} Qe6 {[%emt 0:00:01]} 9. e3 {[%emt 0:00:01]} O-O {[%emt 0:00:00]} 10. Nf3 {[%emt 0:00:01]} d5 {[%emt 0:00:01]} 11. O-O {[%emt 0:00:01]} Ne5 {[%emt 0:00:01]} 12. Nd4 {[%emt 0:00:01]} Qe7 {[%emt 0:00:03]} 13. Nxd5 {[%emt 0:00:02]} Nxd5 {[%emt 0:00:01]} 14. Bxd5 {[%emt 0:00:00]} c6 {[%emt 0:00:00]} 15. Bg2 {[%emt 0:00:02]} Bg4 {[%emt 0:00:05]} 16. Bxb4 {[%emt 0:00:05]} Qxb4 {[%emt 0:00:03]} 17. Qc2 {[%emt 0:00:02]} c5 {[%emt 0:00:03]} 18. Nb3 {[%emt 0:00:03]} b6 {[%emt 0:00:02]} 19. a3 {[%emt 0:00:01]} Qb5 {[%emt 0:00:02]} 20. Bxa8 {[%emt 0:00:01]} Rxa8 {[%emt 0:00:02]} 21. Qe4 {[%emt 0:00:05]} Re8 {[%emt 0:00:05]} 22. f4 {[%emt 0:00:07]} Nd3 {[%emt 0:00:09]} 23. Qd5 {[%emt 0:00:09]} Be6 {[%emt 0:00:03]} 24. Nd4 {[%emt 0:00:05]} Bxd5 {[%emt 0:00:05]} 25. Nxb5 {[%emt 0:00:01]} Bc4 {[%emt 0:00:02]} 26. Nc3 {[%emt 0:00:01]} Nxb2 {[%emt 0:00:01]} 27. Rf2 {[%emt 0:00:00]} Nd3 {[%emt 0:00:01]} 28. Rd1 {[%emt 0:00:00]} Nxf4 {[%emt 0:00:00]} 29. exf4 {[%emt 0:00:01]} Ba6 {[%emt 0:00:00]} 30. Rfd2 {[%emt 0:00:00]} g6 {[%emt 0:00:00]} 31. Rd8 {[%emt 0:00:01]} Kg7 {[%emt 0:00:00]} 32. Rxe8 {[%emt 0:00:01]} Bd3 {[%emt 0:00:00]} 33. Ra8 {[%emt 0:00:00]} Be4 {[%emt 0:00:00]} 34. Rxa7 {[%emt 0:00:00]} Bb7 {[%emt 0:00:00]} 35. Rxb7 {[%emt 0:00:01]} g5 {[%emt 0:00:01]} 36. Rxb6 {[%emt 0:00:00]} gxf4 {[%emt 0:00:00]} 37. Ne4 {[%emt 0:00:00]} f6 {[%emt 0:00:00]} 38. gxf4 {[%emt 0:00:01]} Kg6 {[%emt 0:00:00]} 39. Nxc5 {[%emt 0:00:00]} Kf5 {[%emt 0:00:00]} 40. Rxf6+ {[%emt 0:00:00]} Kg4 {[%emt 0:00:01]} 41. Rd7 {[%emt 0:00:00]} Kf3 {[%emt 0:00:00]} 42. Rxh7 {[%emt 0:00:00]} Ke3 {[%emt 0:00:00]} 43. Rg7 {[%emt 0:00:00]} Kd4 {[%emt 0:00:00]} 44. f5 {[%emt 0:00:00]} Kc3 {[%emt 0:00:00]} 1/2-1/2

[Event "Stay Safe Play From Home 175"]
[Site "T#646355Emanuel Laske"]
[Date "2020.05.26"]
[Round "5"]
[White "Haris kollari 13"]
[Black "Justwatch"]
[Result "0-1"]
[WhiteElo "1693"]
[BlackElo "1713"]
[Annotator "NA"]
[PlyCount "90"]
[EventDate "2020.05.26"]
[EventType "swiss (blitz)"]

1. e4 {[%emt 0:00:01]} Nf6 {[%emt 0:00:00]} 2. e5 {[%emt 0:00:02]} Nd5 {[%emt 0:00:00]} 3. c4 {[%emt 0:00:01]} Nb4 {[%emt 0:00:00]} 4. d4 {[%emt 0:00:01]} N4c6 {[%emt 0:00:00]} 5. f4 {[%emt 0:00:01]} d6 {[%emt 0:00:00]} 6. Nf3 {[%emt 0:00:02]} dxe5 {[%emt 0:00:01]} 7. fxe5 {[%emt 0:00:01]} Bg4 {[%emt 0:00:00]} 8. Be3 {[%emt 0:00:01]} e6 {[%emt 0:00:01]} 9. Be2 {[%emt 0:00:01]} Bb4+ {[%emt 0:00:00]} 10. Nc3 {[%emt 0:00:01]} Bxc3+ {[%emt 0:00:00]} 11. bxc3 {[%emt 0:00:02]} O-O {[%emt 0:00:04]} 12. O-O {[%emt 0:00:01]} Nd7 {[%emt 0:00:01]} 13. d5 {[%emt 0:00:01]} exd5 {[%emt 0:00:01]} 14. cxd5 {[%emt 0:00:01]} Bxf3 {[%emt 0:00:01]} 15. Bxf3 {[%emt 0:00:04]} Ncxe5 {[%emt 0:00:01]} 16. Bd4 {[%emt 0:00:01]} Nxf3+ {[%emt 0:00:01]} 17. Qxf3 {[%emt 0:00:01]} c6 {[%emt 0:00:02]} 18. dxc6 {[%emt 0:00:02]} bxc6 {[%emt 0:00:00]} 19. Qxc6 {[%emt 0:00:01]} Rc8 {[%emt 0:00:02]} 20. Qf3 {[%emt 0:00:02]} Nb6 {[%emt 0:00:00]} 21. Rad1 {[%emt 0:00:02]} Qc7 {[%emt 0:00:02]} 22. Qg4 {[%emt 0:00:02]} f6 {[%emt 0:00:02]} 23. Bxf6 {[%emt 0:00:02]} Rxf6 {[%emt 0:00:02]} 24. Rxf6 {[%emt 0:00:02]} Nd5 {[%emt 0:00:02]} 25. Rf2 {[%emt 0:00:04]} Qb6 {[%emt 0:00:04]} 26. Rxd5 {[%emt 0:00:02]} Rf8 {[%emt 0:00:01]} 27. Rdf5 {[%emt 0:00:03]} Rxf5 {[%emt 0:00:03]} 28. Qxf5 {[%emt 0:00:03]} Qb1+ {[%emt 0:00:00]} 29. Rf1 {[%emt 0:00:02]} Qxf5 {[%emt 0:00:03]} 30. Rxf5 {[%emt 0:00:01]} h6 {[%emt 0:00:00]} 31. Ra5 {[%emt 0:00:02]} Kh7 {[%emt 0:00:02]} 32. Rxa7 {[%emt 0:00:01]} Kg6 {[%emt 0:00:00]} 33. c4 {[%emt 0:00:00]} h5 {[%emt 0:00:00]} 34. Rd7 {[%emt 0:00:02]} Kg5 {[%emt 0:00:00]} 35. c5 {[%emt 0:00:00]} g6 {[%emt 0:00:00]} 36. c6 {[%emt 0:00:00]} h4 {[%emt 0:00:00]} 37. c7 {[%emt 0:00:00]} Kh5 {[%emt 0:00:00]} 38. c8=Q {[%emt 0:00:00]} g5 {[%emt 0:00:00]} 39. Qh8+ {[%emt 0:00:01]} Kg4 {[%emt 0:00:00]} 40. Qd4+ {[%emt 0:00:01]} Kh5 {[%emt 0:00:01]} 41. Rh7+ {[%emt 0:00:01]} Kg6 {[%emt 0:00:01]} 42. Qg7+ {[%emt 0:00:00]} Kf5 {[%emt 0:00:01]} 43. Qf7+ {[%emt 0:00:00]} Kg4 {[%emt 0:00:00]} 44. Rxh4+ {[%emt 0:00:01]} gxh4 {[%emt 0:00:01]} 45. h3+ {[%emt 0:00:00]} Kg3 {[%emt 0:00:01] Time (Lag: Av=0.42s, max=0.7s)} 0-1

[Event "Stay Safe Play From Home 175"]
[Site "T#646355Emanuel Laske"]
[Date "2020.05.26"]
[Round "5"]
[White "matanant"]
[Black "Grizzzly"]
[Result "1/2-1/2"]
[WhiteElo "1680"]
[BlackElo "1669"]
[Annotator "NA RC"]
[PlyCount "31"]
[EventDate "2020.05.26"]
[EventType "swiss (blitz)"]

1. b3 {[%emt 0:00:03]} e6 {[%emt 0:00:04]} 2. Bb2 {[%emt 0:00:00]} f5 {[%emt 0:00:01]} 3. f4 {[%emt 0:00:06]} Nf6 {[%emt 0:00:00]} 4. Nf3 {[%emt 0:00:01]} Be7 {[%emt 0:00:02]} 5. e3 {[%emt 0:00:01]} O-O {[%emt 0:00:00]} 6. c4 {[%emt 0:00:01]} d6 {[%emt 0:00:00]} 7. Be2 {[%emt 0:00:01]} Bd7 {[%emt 0:00:01]} 8. O-O {[%emt 0:00:01]} Nc6 {[%emt 0:00:01]} 9. d4 {[%emt 0:00:01]} Ne4 {[%emt 0:00:02]} 10. Nbd2 {[%emt 0:00:02]} d5 {[%emt 0:00:01]} 11. Ne5 {[%emt 0:00:02]} Nxe5 {[%emt 0:00:02]} 12. fxe5 {[%emt 0:00:02]} c6 {[%emt 0:00:01]} 13. Nf3 {[%emt 0:00:02]} f4 {[%emt 0:00:04]} 14. exf4 {[%emt 0:00:04]} Rxf4 {[%emt 0:00:01]} 15. Qc1 {[%emt 0:00:03]} Ng5 {[%emt 0:00:04]} 16. Qxf4 {[%emt 0:00:06] matanant offers a draw (Lag: Av=0.60s, max=1.1s)} 1/2-1/2

[Event "Stay Safe Play From Home 175"]
[Site "T#646355Emanuel Laske"]
[Date "2020.05.26"]
[Round "5"]
[White "Tobo Rubirosa"]
[Black "Trotsky"]
[Result "0-1"]
[WhiteElo "1488"]
[BlackElo "1519"]
[Annotator "NA RC"]
[PlyCount "34"]
[EventDate "2020.05.26"]
[EventType "swiss (blitz)"]

1. Nf3 {[%emt 0:00:02]} d5 {[%emt 0:00:01]} 2. d4 {[%emt 0:00:01]} e6 {[%emt 0:00:01]} 3. c4 {[%emt 0:00:01]} c5 {[%emt 0:00:01]} 4. g3 {[%emt 0:00:01]} Nc6 {[%emt 0:00:01]} 5. Bg2 {[%emt 0:00:00]} Nf6 {[%emt 0:00:02]} 6. O-O {[%emt 0:00:00]} Bd6 {[%emt 0:00:02]} 7. dxc5 {[%emt 0:00:01]} Bxc5 {[%emt 0:00:01]} 8. a3 {[%emt 0:00:00]} Qc7 {[%emt 0:00:03]} 9. b4 {[%emt 0:00:01]} Bd6 {[%emt 0:00:01]} 10. Bb2 {[%emt 0:00:01]} Ng4 {[%emt 0:00:01]} 11. Qc2 {[%emt 0:00:02]} h5 {[%emt 0:00:02]} 12. Nbd2 {[%emt 0:00:02]} h4 {[%emt 0:00:01]} 13. cxd5 {[%emt 0:00:05]} hxg3 {[%emt 0:00:02]} 14. hxg3 {[%emt 0:00:03]} Bxg3 {[%emt 0:00:02]} 15. fxg3 {[%emt 0:00:04]} Qxg3 {[%emt 0:00:01]} 16. dxc6 {[%emt 0:00:03]} Rh2 {[%emt 0:00:04]} 17. Ne4 {[%emt 0:00:17]} Qxg2# {[%emt 0:00:04] (Lag: Av=0.62s, max=0.8s)} 0-1

[Event "Stay Safe Play From Home 175"]
[Site "T#646355Emanuel Laske"]
[Date "2020.05.26"]
[Round "6"]
[White "Eidgenosse"]
[Black "Castlingarrocco"]
[Result "1-0"]
[WhiteElo "2431"]
[BlackElo "2070"]
[PlyCount "61"]
[EventDate "2020.05.26"]
[EventType "swiss (blitz)"]

1. Nf3 {[%emt 0:00:01]} d5 {[%emt 0:00:01]} 2. e3 {[%emt 0:00:00]} c6 {[%emt 0:00:00]} 3. c4 {[%emt 0:00:00]} e6 {[%emt 0:00:00]} 4. Nc3 {[%emt 0:00:00]} f5 {[%emt 0:00:01]} 5. b3 {[%emt 0:00:01]} Nf6 {[%emt 0:00:01]} 6. Bb2 {[%emt 0:00:01]} Bb4 {[%emt 0:00:01]} 7. Be2 {[%emt 0:00:01]} Bxc3 {[%emt 0:00:00]} 8. Bxc3 {[%emt 0:00:01]} Qe7 {[%emt 0:00:00]} 9. d3 {[%emt 0:00:01]} O-O {[%emt 0:00:02]} 10. Qc2 {[%emt 0:00:00]} Nbd7 {[%emt 0:00:01]} 11. Qb2 {[%emt 0:00:00]} g6 {[%emt 0:00:02]} 12. h3 {[%emt 0:00:01]} Qf7 {[%emt 0:00:01]} 13. Ng5 {[%emt 0:00:02]} Qe7 {[%emt 0:00:01]} 14. f4 {[%emt 0:00:01]} b6 {[%emt 0:00:02]} 15. g4 {[%emt 0:00:02]} Bb7 {[%emt 0:00:01]} 16. O-O-O {[%emt 0:00:01]} c5 {[%emt 0:00:01]} 17. Rhg1 {[%emt 0:00:01]} dxc4 {[%emt 0:00:01]} 18. bxc4 {[%emt 0:00:01]} Nb8 {[%emt 0:00:01]} 19. Bf3 {[%emt 0:00:04]} Nc6 {[%emt 0:00:03]} 20. h4 {[%emt 0:00:03]} Nb4 {[%emt 0:00:04]} 21. Bxb7 {[%emt 0:00:03]} Qxb7 {[%emt 0:00:01]} 22. a3 {[%emt 0:00:01]} Nc6 {[%emt 0:00:01]} 23. Nxe6 {[%emt 0:00:01]} Qf7 {[%emt 0:00:01]} 24. gxf5 {[%emt 0:00:01]} Rfe8 {[%emt 0:00:01]} 25. Ng5 {[%emt 0:00:03]} Qe7 {[%emt 0:00:01]} 26. e4 {[%emt 0:00:01]} Nd4 {[%emt 0:00:01]} 27. Bxd4 {[%emt 0:00:01]} cxd4 {[%emt 0:00:01]} 28. fxg6 {[%emt 0:00:00]} h6 {[%emt 0:00:01]} 29. Nf7 {[%emt 0:00:02]} Kf8 {[%emt 0:00:02]} 30. Nxh6 {[%emt 0:00:03]} Kg7 {[%emt 0:00:01]} 31. Nf5+ {[%emt 0:00:01] Castlingarrocco abbandona (Lag: Av=0.20s, max=0.4s)} 1-0

[Event "Stay Safe Play From Home 175"]
[Site "T#646355Emanuel Laske"]
[Date "2020.05.26"]
[Round "6"]
[White "AChessPlayer"]
[Black "Fischer_11"]
[Result "1-0"]
[WhiteElo "2385"]
[BlackElo "1901"]
[Annotator "NA"]
[PlyCount "67"]
[EventDate "2020.05.26"]
[EventType "swiss (blitz)"]

1. d3 {[%emt 0:00:01]} Nf6 {[%emt 0:00:01]} 2. Nf3 {[%emt 0:00:00]} g6 {[%emt 0:00:00]} 3. g3 {[%emt 0:00:00]} Bg7 {[%emt 0:00:00]} 4. Bg2 {[%emt 0:00:00]} O-O {[%emt 0:00:00]} 5. O-O {[%emt 0:00:00]} d6 {[%emt 0:00:00]} 6. c3 {[%emt 0:00:01]} e5 {[%emt 0:00:00]} 7. Nbd2 {[%emt 0:00:01]} e4 {[%emt 0:00:00]} 8. dxe4 {[%emt 0:00:01]} Re8 {[%emt 0:00:01]} 9. Qc2 {[%emt 0:00:01]} Qe7 {[%emt 0:00:02]} 10. Nd4 {[%emt 0:00:01]} Nc6 {[%emt 0:00:03]} 11. Nxc6 {[%emt 0:00:03]} bxc6 {[%emt 0:00:01]} 12. f3 {[%emt 0:00:02]} Ba6 {[%emt 0:00:01]} 13. Nb3 {[%emt 0:00:01]} d5 {[%emt 0:00:02]} 14. Be3 {[%emt 0:00:05]} dxe4 {[%emt 0:00:02]} 15. f4 {[%emt 0:00:00]} Ng4 {[%emt 0:00:02]} 16. Bc5 {[%emt 0:00:01]} Qf6 {[%emt 0:00:05]} 17. h3 {[%emt 0:00:02]} Nh6 {[%emt 0:00:03]} 18. g4 {[%emt 0:00:00]} Qe6 {[%emt 0:00:03]} 19. Be3 {[%emt 0:00:04]} Rad8 {[%emt 0:00:04]} 20. Nc5 {[%emt 0:00:01]} Qc4 {[%emt 0:00:01]} 21. Nxa6 {[%emt 0:00:02]} Qb5 {[%emt 0:00:00]} 22. Nxc7 {[%emt 0:00:02]} Qb7 {[%emt 0:00:02]} 23. Nxe8 {[%emt 0:00:00]} Rxe8 {[%emt 0:00:00]} 24. Rad1 {[%emt 0:00:02]} Qd7 {[%emt 0:00:00]} 25. Rxd7 {[%emt 0:00:02]} f5 {[%emt 0:00:00]} 26. Qb3+ {[%emt 0:00:01]} Kh8 {[%emt 0:00:02]} 27. g5 {[%emt 0:00:00]} Ng8 {[%emt 0:00:02]} 28. Qf7 {[%emt 0:00:00]} Re7 {[%emt 0:00:01]} 29. Rxe7 {[%emt 0:00:01]} Nxe7 {[%emt 0:00:01]} 30. Qxe7 {[%emt 0:00:00]} h6 {[%emt 0:00:01]} 31. Qe8+ {[%emt 0:00:01]} Kh7 {[%emt 0:00:01]} 32. Qf7 {[%emt 0:00:00]} hxg5 {[%emt 0:00:01]} 33. Bd4 {[%emt 0:00:01]} c5 {[%emt 0:00:00]} 34. Qxg7# {[%emt 0:00:00] (Lag: Av=0.22s, max=0.4s)} 1-0

[Event "Stay Safe Play From Home 175"]
[Site "T#646355Emanuel Laske"]
[Date "2020.05.26"]
[Round "6"]
[White "Rish_97"]
[Black "SoulofWolf"]
[Result "1-0"]
[WhiteElo "2273"]
[BlackElo "2245"]
[Annotator "NA"]
[PlyCount "61"]
[EventDate "2020.05.26"]
[EventType "swiss (blitz)"]

1. Nf3 {[%emt 0:00:01]} e6 {[%emt 0:00:00]} 2. g3 {[%emt 0:00:01]} d5 {[%emt 0:00:00]} 3. Bg2 {[%emt 0:00:02]} Nd7 {[%emt 0:00:00]} 4. O-O {[%emt 0:00:00]} Be7 {[%emt 0:00:00]} 5. d3 {[%emt 0:00:00]} Ngf6 {[%emt 0:00:00]} 6. Nbd2 {[%emt 0:00:00]} O-O {[%emt 0:00:00]} 7. e4 {[%emt 0:00:00]} c5 {[%emt 0:00:00]} 8. Re1 {[%emt 0:00:01]} Qc7 {[%emt 0:00:01]} 9. e5 {[%emt 0:00:01]} Ng4 {[%emt 0:00:00]} 10. Qe2 {[%emt 0:00:01]} Nh6 {[%emt 0:00:02]} 11. Nf1 {[%emt 0:00:01]} Nf5 {[%emt 0:00:05]} 12. c3 {[%emt 0:00:01]} g6 {[%emt 0:00:01]} 13. h4 {[%emt 0:00:01]} h5 {[%emt 0:00:01]} 14. N1h2 {[%emt 0:00:01]} Re8 {[%emt 0:00:01]} 15. Bf4 {[%emt 0:00:01]} Ng7 {[%emt 0:00:01]} 16. Qd2 {[%emt 0:00:02]} Qb6 {[%emt 0:00:01]} 17. g4 {[%emt 0:00:01]} hxg4 {[%emt 0:00:01]} 18. Nxg4 {[%emt 0:00:00]} Nf5 {[%emt 0:00:01]} 19. Bg5 {[%emt 0:00:00]} Kg7 {[%emt 0:00:01]} 20. Qf4 {[%emt 0:00:03]} Qd8 {[%emt 0:00:02]} 21. d4 {[%emt 0:00:02]} b6 {[%emt 0:00:01]} 22. Bf1 {[%emt 0:00:01]} a6 {[%emt 0:00:02]} 23. Bd3 {[%emt 0:00:01]} Rh8 {[%emt 0:00:01]} 24. Bxf5 {[%emt 0:00:01]} exf5 {[%emt 0:00:01]} 25. Nh6 {[%emt 0:00:04]} Rb8 {[%emt 0:00:06]} 26. e6 {[%emt 0:00:02]} fxe6 {[%emt 0:00:03]} 27. Rxe6 {[%emt 0:00:00]} Bxg5 {[%emt 0:00:02]} 28. hxg5 {[%emt 0:00:00]} Nf8 {[%emt 0:00:01]} 29. Qe5+ {[%emt 0:00:02]} Kh7 {[%emt 0:00:01]} 30. Re7+ {[%emt 0:00:01]} Qxe7 {[%emt 0:00:05]} 31. Qxe7# {[%emt 0:00:00] (Lag: Av=0.59s, max=1.2s)} 1-0